Dictionnaire des Poincons (Record no. 7759)
[ view plain ]
| 000 -CABECERA | |
|---|---|
| campo de control de longitud fija | 00961nam a2200277 a 4500 |
| 001 - NÚMERO DE CONTROL | |
| campo de control | BRCA_8091 |
| 005 - FECHA Y HORA DE LA ÚLTIMA TRANSACCIÓN | |
| campo de control | 20190320210128.0 |
| 008 - DATOS DE LONGITUD FIJA--INFORMACIÓN GENERAL | |
| campo de control de longitud fija | 070414s1962----fr-a###f##---#001-0#fre-# |
| 041 ## - CÓDIGO DE LENGUA | |
| Código de lengua del texto/banda sonora o título independiente | fre |
| 044 ## - CÓDIGO DEL PAÍS DE LA ENTIDAD EDITORA/PRODUCTORA | |
| Código MARC del país | fr |
| 050 #4 - SIGNATURA TOPOGRÁFICA DE LA BIBLIOTECA DEL CONGRESO | |
| Número de clasificación | NK7149 |
| Número de documento/Ítem | .B567 |
| -- | 1962 |
| 100 1# - ENTRADA PRINCIPAL--NOMBRE DE PERSONA | |
| Nombre de persona | Beuque, Emile |
| 9 (RLIN) | 20118 |
| 245 10 - MENCIÓN DE TÍTULO | |
| Título | Dictionnaire des Poincons |
| Resto del título | officiels francaise et ètrangers, anciens et moderns |
| Mención de responsabilidad, etc. | Emile Beuque ; preface de M. Lucien PY. |
| 260 ## - PUBLICACIÓN, DISTRIBUCIÓN, ETC. | |
| Lugar de publicación, distribución, etc. | Paris |
| Nombre del editor, distribuidor, etc. | F. de Nobel |
| Fecha de publicación, distribución, etc. | 1962 |
| 300 ## - DESCRIPCIÓN FÍSICA | |
| Extensión | 2 v. (paginación variada) |
| 440 #0 - MENCIÓN DE SERIE/PUNTO DE ACCESO ADICIONAL--TÍTULO | |
| Título | Platine, or & argent |
| 9 (RLIN) | 20119 |
| 500 ## - NOTA GENERAL | |
| Nota general | Y129 |
| 500 ## - NOTA GENERAL | |
| Nota general | Dos tomos inventariados como un sólo libro |
| 500 ## - NOTA GENERAL | |
| Nota general | Material inventariado por el Banco de México |
| 650 14 - PUNTO DE ACCESO ADICIONAL DE MATERIA--TÉRMINO DE MATERIA | |
| Término de materia o nombre geográfico como elemento de entrada | Metales preciosos |
| Subdivisión de forma | Diccionarios |
| Subdivisión geográfica | Francia |
| 9 (RLIN) | 20120 |
| 650 14 - PUNTO DE ACCESO ADICIONAL DE MATERIA--TÉRMINO DE MATERIA | |
| Término de materia o nombre geográfico como elemento de entrada | Metales preciosos |
| Subdivisión de forma | Objetos de arte |
| Subdivisión geográfica | Francia |
| 9 (RLIN) | 20121 |
| 650 14 - PUNTO DE ACCESO ADICIONAL DE MATERIA--TÉRMINO DE MATERIA | |
| Término de materia o nombre geográfico como elemento de entrada | Platería |
| Subdivisión de forma | Coleccionistas y colecciones |
| Subdivisión geográfica | Francia |
| 9 (RLIN) | 20122 |
| 700 1# - PUNTO DE ACCESO ADICIONAL--NOMBRE DE PERSONA | |
| Nombre de persona | Lucien PY, M. |
| 9 (RLIN) | 20123 |
| 902 ## - CATALOGADOR | |
| Iniciales | GFM |
| 942 ## - ELEMENTOS DE PUNTO DE ACCESO ADICIONAL (KOHA) | |
| Fuente del sistema de clasificación o colocación | Library of Congress Classification |
| Tipo de ítem Koha | Libros |
| Estado de retiro | Estado de pérdida | Estado dañado | No para préstamo | Localización permanente | Ubicación/localización actual | Fecha de adquisición | Número de inventario | Total de préstamos | Signatura topográfica completa | Código de barras | Fecha visto por última vez | Precio válido a partir de | Tipo de ítem Koha |
|---|---|---|---|---|---|---|---|---|---|---|---|---|---|
| El ejemplar forma parte de la colección y puede ser consultado según las políticas vigentes. | Biblioteca del Museo Franz Mayer (Rogerio Casas-Alatriste) | Biblioteca del Museo Franz Mayer (Rogerio Casas-Alatriste) | 07/04/2014 | Y129 | NK7149 .B567 1962 (Y129) | 8715 | 22/03/2019 | 22/03/2019 | Libros |